Adhesive and sealant compounds and their formulations (Record no. 30899)

MARC details
000 -LEADER
fixed length control field 00327nam a2200121Ia 4500
082 ## - DEWEY DECIMAL CLASSIFICATION NUMBER
Classification number 665.93
Item number FLI
100 ## - MAIN ENTRY--AUTHOR NAME
Personal name Flick, Ernest W
245 #0 - TITLE STATEMENT
Title Adhesive and sealant compounds and their formulations
260 ## - PUBLICATION, DISTRIBUTION, ETC. (IMPRINT)
Place of publication New Jersey
Name of publisher Noyes Data
Year of publication 1978
650 ## - SUBJECT ADDED ENTRY--TOPICAL TERM
Topical Term Sealants
942 ## - ADDED ENTRY ELEMENTS (KOHA)
Koha item type Books
Holdings
Withdrawn status Lost status Damaged status Not for loan Home library Current library Date acquired Cost, normal purchase price Full call number Accession Number Koha item type
        RRII Library RRII Library 16/12/2021 36.00 665.93 FLI 11457 Books